Culture Générale - Série 1492 - Statistiques

Statistiques générales
  • Ce quiz a été pris 102 fois
  • Le résultat moyen est 6 sur 10
Statistiques - réponses
Question Réponse % Correct
Complétez cette célèbre chanson : "J'ai du bon tabac dans ma... tabatière
96%
Complétez les paroles de la chanson de Jean-Jacques Goldman : "Elle vit sa vie par procuration devant son poste... de télévision
90%
Quel terme spécifique anglais désigne la sanction prise quand un footballeur commet une faute grave dans sa surface de réparation ? penalty
85%
Quelle nationalité avaient en commun Greta Garbo et Alfred Nobel ? suédoise
82%
De quelle plante légumineuse tropicale la cacahuète est-elle le fruit ? arachide
43%
Pendant la Commune de Paris qu’elle militante anarchiste surnommait on la Vierge Rouge ? Louise Michel
42%
Quel général donne son nom à un roman de la Comtesse de Ségur ? Général Dourakine
38%
A quel réalisateur doit on les films "La Strada" et "Amarcord" Federico Fellini
31%
En 1971, le célèbre coup d'éclat télévisuel de Maurice Clavel s'est conclu sur cette phrase : "Messieurs les censeurs... bonsoir
30%
Sous quel nom est plus connu Lev Davidovitch Bronstein ? Léon Trotski
28%
Aucun quiz correspondant
Distribution des résultats
% des personnes avec chaque résultat
Percentile par nombre de réponses
Votre historique - résultats
Vous n’avez pas pris ce quiz